000 00485nam a2200169Ia 4500
008 230718s9999 xx 000 0 und d
020 _a9788172241896
041 _aeng
082 _a621.51
_bPAR
100 _aParr A.
_9146065
245 _aHydraulics And Pneumatics
_bA Technician's And Engineer's Guide
260 _c2005
_bJaico Publishing House
300 _a223
365 _cRs.
_b350.00
700 _aParr A.
_9146065
906 _dO:0700210-Feb-2020B:581206-Feb-2020
_cTI
_b875
999 _c351133
_d351133